Manual On The Principles and Practice of Commerce in Tanzania (Record no. 872)

MARC details
005 - DATE AND TIME OF LATEST TRANSACTION
control field 20250318090615.0
082 ## - DEWEY DECIMAL CLASSIFICATION NUMBER
Classification number 380 MBU
100 ## - MAIN ENTRY--PERSONAL NAME
Author name MBURA, O. K.
245 ## - TITLE STATEMENT
Title Manual On The Principles and Practice of Commerce in Tanzania
260 ## - PUBLICATION, DISTRIBUTION, ETC.
Place of publication, distribution, etc. Dar es salaam,
Name of publisher, distributor, etc. Dr Mbura, O.K,
Date of publication, distribution, etc. 2000.
300 ## - PHYSICAL DESCRIPTION
Extent 132p.: ill.;
Dimensions 29cm.
942 ## - ADDED ENTRY ELEMENTS (KOHA)
Source of classification or shelving scheme Dewey Decimal Classification
Koha item type Books
Holdings
Date last seen Total checkouts Full call number Barcode Cost, replacement price Price effective from Koha item type Lost status Source of classification or shelving scheme Damaged status Not for loan Withdrawn status Home library Current library Shelving location Date acquired Cost, normal purchase price
03/18/2025   380 MBU 0000003520 60000.00 03/18/2025 Books   Dewey Decimal Classification       College of Business Education Main Library College of Business Education Main Library General Collection 03/18/2025 20000.00